• 首页
  • 本馆介绍
  • 公告通知
  • 最新文献
  • 馆藏检索
  • 电子资源
  • 读者导购
  • 参考咨询
  • 我的图书馆
  • 登录
  • 详细信息显示
  • 放入我的书架
  • 预约/预借图书
  • 作者相关作品
  • 分类相关作品
  • 丛书相关作品
  • 出版社相关作品

书目信息

  • 表格格式
  • 工作单格式
  • 卡片格式
题名:
电机检测及修理工岗位手册
    
 
作者: 赵莹 主编 ;北京京城机电控股有限责任公司工会 编
分册:  
出版信息: 北京   机械工业出版社  2016
页数: 234页
开本: 24cm
丛书名: 员工岗位手册系列
单 册:
中图分类: TM3-62
科图分类:
主题词: 电机--技术手册--检测 , 电机--技术手册--维修
电子资源:
ISBN: 978-7-111-51529-6
000 00991nam0 2200265 450
001 34
005 20160905103114.06
010    @a978-7-111-51529-6@dCNY39.00
100    @a20151228d2016 em y0chiy50 ea
101 0  @achi
102    @aCN@b110000
105    @aa z 000yy
200 1  @a电机检测及修理工岗位手册@9dian ji jian ce ji xiu li gong gang wei shou ce@f北京京城机电控股有限责任公司工会编@g赵莹主编
210    @a北京@c机械工业出版社@d2016
215    @a234页@c图@d24cm
225 2  @a员工岗位手册系列
330    @a本手册内容分三篇:职业道德及岗位规范;三相异步电动机常规机械检测与电气检测;常用中小型低压电动机原理。
461  0 @12001@@a员工岗位手册系列
606 0  @a电机@j技术手册@x检测
606 0  @a电机@j技术手册@x维修
690    @aTM3-62@v5
701  0 @a赵莹@9zhao ying@4主编
712 02 @a北京京城机电控股有限责任公司工会@9bei jing jing cheng ji dian kong gu you xian ze ren gong si gong hui@4编
801  0 @aCN@b唐山师范学院图书馆@c20160901
905    @aZUCC@dTM3-62@e41
    
    电机检测及修理工岗位手册/北京京城机电控股有限责任公司工会编/赵莹主编.-北京:机械工业出版社,2016
    234页:图;24cm.-(员工岗位手册系列)
    
    
    ISBN 978-7-111-51529-6:CNY39.00
    本手册内容分三篇:职业道德及岗位规范;三相异步电动机常规机械检测与电气检测;常用中小型低压电动机原理。
●
相关链接 在E读中查询图书 在五车中查询图书 在当当中查询图书 在豆瓣中查询图书


正题名:电机检测及修理工岗位手册     索取号:TM3-62/41         预约/预借

序号 登录号 条形码 馆藏地/架位号 状态 备注
1 900151   209001514   第二样本阅览室/ [索取号:TM3-62/41] 在馆    
2 900152   209001523   第三借阅区/ [索取号:TM3-62/41] 在馆    
3 900153   209001532   第三借阅区/ [索取号:TM3-62/41] 在馆    
4 900154   209001541   第三借阅区/ [索取号:TM3-62/41] 在馆    
5 900155   209001550   第三借阅区/ [索取号:TM3-62/41] 在馆    
唐山师范学院图书馆 欢迎您!
大连网信软件有限公司© 版权所有